Innovative Environmental Education Methodologies : (Record no. 68360)
[ view plain ]
| 000 -LEADER | |
|---|---|
| fixed length control field | 00897cam a22002651 4500 |
| 001 - CONTROL NUMBER | |
| control field | 6918320 |
| 003 - CONTROL NUMBER IDENTIFIER | |
| control field | OSt |
| 005 - DATE AND TIME OF LATEST TRANSACTION | |
| control field | 20250401162005.0 |
| 008 - FIXED-LENGTH DATA ELEMENTS--GENERAL INFORMATION | |
| fixed length control field | 770421s1942 ilu b 000 0 eng |
| 010 ## - LIBRARY OF CONGRESS CONTROL NUMBER | |
| LC control number | 42016434 |
| 020 ## - INTERNATIONAL STANDARD BOOK NUMBER | |
| International Standard Book Number | 9966982124 |
| 035 ## - SYSTEM CONTROL NUMBER | |
| System control number | (OCoLC)2905267 |
| 040 ## - CATALOGING SOURCE | |
| Original cataloging agency | DLC |
| Transcribing agency | ScU |
| Modifying agency | ScU |
| -- | OCoLC |
| -- | DLC |
| 042 ## - AUTHENTICATION CODE | |
| Authentication code | premarc |
| 050 00 - LIBRARY OF CONGRESS CALL NUMBER | |
| Classification number | GE 90 |
| Item number | .K4N43 2013 |
| 100 ## - MAIN ENTRY--PERSONAL NAME | |
| Personal name | Ayub Macharia Ndaruga |
| 9 (RLIN) | 57881 |
| 245 10 - TITLE STATEMENT | |
| Title | Innovative Environmental Education Methodologies : |
| Remainder of title | Case study analysis on practice |
| Statement of responsibility, etc | Ayub Macharia Ndaruga |
| 260 ## - PUBLICATION, DISTRIBUTION, ETC. (IMPRINT) | |
| Place of publication, distribution, etc | Nairobi, |
| Name of publisher, distributor, etc | Manilla Publishers |
| Date of publication, distribution, etc | 2013 |
| 300 ## - PHYSICAL DESCRIPTION | |
| Extent | xv,173 p. |
| 504 ## - BIBLIOGRAPHY, ETC. NOTE | |
| Bibliography, etc | Includes Bibliographies |
| 650 #0 - SUBJECT ADDED ENTRY--TOPICAL TERM | |
| Topical term or geographic name as entry element | Human beings |
| General subdivision | Effect of environment on. |
| 9 (RLIN) | 101 |
| 650 #0 - SUBJECT ADDED ENTRY--TOPICAL TERM | |
| Topical term or geographic name as entry element | Environmental education--Kenya |
| General subdivision | Sustainable development--Study and teaching--Kenya. |
| 9 (RLIN) | 57882 |
| 906 ## - LOCAL DATA ELEMENT F, LDF (RLIN) | |
| a | 7 |
| b | cbc |
| c | oclcrpl |
| d | u |
| e | ncip |
| f | 19 |
| g | y-gencatlg |
| 942 ## - ADDED ENTRY ELEMENTS (KOHA) | |
| Source of classification or shelving scheme | Library of Congress Classification |
| Koha item type | Books |
| Withdrawn status | Lost status | Source of classification or shelving scheme | Damaged status | Not for loan | Collection code | Home library | Current library | Shelving location | Date acquired | Source of acquisition | Cost, normal purchase price | Total Checkouts | Full call number | Barcode | Date last seen | Copy number | Cost, replacement price | Price effective from | Koha item type |
|---|---|---|---|---|---|---|---|---|---|---|---|---|---|---|---|---|---|---|---|
| Library of Congress Classification | General Circulation | AIU/NEGST - Tony Wilmot Memorial Library | AIU/NEGST - Tony Wilmot Memorial Library | Processing Center | 03/26/2025 | Donation - Nema | 15.40 | GE 90 .K4N43 2013 | T10798W3232 | 04/01/2025 | 1 | 15.40 | 04/01/2025 | Books | |||||
| Library of Congress Classification | General Circulation | AIU/NEGST - Tony Wilmot Memorial Library | AIU/NEGST - Tony Wilmot Memorial Library | Processing Center | 03/26/2025 | Donation - Nema | 15.40 | GE 90 .K4N43 2013 | T10799W3232 | 04/01/2025 | 2 | 15.40 | 04/01/2025 | Books | |||||
| Library of Congress Classification | General Circulation | AIU/NEGST - Tony Wilmot Memorial Library | AIU/NEGST - Tony Wilmot Memorial Library | Processing Center | 03/26/2025 | Donation - Nema | 15.40 | GE 90 .K4N43 2013 | T10800W3232 | 04/01/2025 | 3 | 15.40 | 04/01/2025 | Books |
